Регионална библиотека "Любен Каравелов" - Русе

Танцьорката (Запис номер 126296)

MARC детайли
000 -Лидер
Контролно поле с фиксирана дължина 01283nam a2200337 c 4500
003 - Код на организацията, давaща контролен номер
Контролно поле BLK
005 - Дата и час на последна редакция
Контролно поле 20250801092027.0
008 - Елементи от данни с фиксирана дължина
fixed length control field 180409b bul|||||r ||||||| ||bul||
010 ## - Наследен системен номер
LC control number KNG00131980000
020 ## - Международен стандартен номер на книга ISBN
Международен стандартен номер на книга ISBN 978-954-655-279-2
-- издат.: Бард
040 ## - Източник на каталожния запис
Идентификатор на билиотеката - собственик на записа BLK
041 ## - Код за език
Код за езика на текст/звукозапис или на отделно заглавие Български
Код за езика КДБФ Български
072 #7 - Код за тематичната категория
Код организация bullib
Код за тематична категория Н83
Текст Чужда художествена литература Н
080 ## - УДК
Текстов определител УДК Американска литература (на САЩ)
УДК код - определител по УДК 821.111(73)
УДК определител -31
УДК - код + определител 821.111(73)-31
100 1# - Редна дума - Автор
Автор Стийл, Даниел
Авторска отговорност първи автор
R(LIN) 363685
139 ## - Редно поле
Редна дума Стийл, Даниел
Авторски знак Сти - С 76
245 10 - Сведения за заглавието
Заглавие Танцьорката
Подзаглавни данни Роман
Редно поле (дума) Даниел Стийл; прев. от англ. Елена Чизмарова.
257 ## - Страна на издаване
Страна на създаване/издаване Съединени американски щати
260 ## - Област на издателските данни
-- София
Име на издателя, разпространителя и проч. Бард
Година на издаване 2012
Печатница Хасково : Полиграфюг
300 ## - Физическа характеристика
Страници 336 с.
Размери/Мащаб 20 см
380 ## - Жанр
Жанр Худож. лит.
500 ## - Общи забележки
Забележка Ориг. загл.: Legacy / Danielle Steel.
659 ## - Тематичен бюлетин
Тематичен бюлетин Н
700 1# - Други автори (авторска отговорност)
Лично име Чизмарова, Елена Николова
Автороска отговорност (Описва отношението между автора и произведението) прев. от англ.
9 (RLIN) 141741
852 ## - Местоположение
Форматна сигнатура Цб 255702
856 4# - Електронен адрес и достъп
Електронен формат pdf - файл
Път до файла /url/
856 4# - Електронен адрес и достъп
Електронен формат pdf - файл
Път до файла /url/
942 ## - АРТИКУЛИ
Вид на библиотечния материал Книги
Скрит в OPAC Не
Koha issues (borrowed), all copies 99
944 ## - СЪЗДАВАНЕ И РЕДАКЦИЯ на ЗАПИСА
Създаване/Редакция Създаване
Дата на регистрацията/редакция 05.07.2012
Служител, извършил регистрацията/редакцията 30575
Статус, дата на статуса Мартин Енчев
944 ## - СЪЗДАВАНЕ И РЕДАКЦИЯ на ЗАПИСА
Създаване/Редакция Редакция
Дата на регистрацията/редакция 17.12.2013
Служител, извършил регистрацията/редакцията
999 ## - СИСТЕМНИ КОНТРОЛНИ НОМЕРА
Koha biblionumber 126296
Koha biblioitemnumber 126296
Наличности
Код за отписване Код за изгубен артикул Източник на класификационната схема Код за повреда Коз за рестрикции Код за отдаване Артикулен № Име на библиотеката - собственик Име на библиотеката, в която се намира в момента Статус (Текущо местоположение) Дата на вписване в системата Местоположение - отдел Цена в лева Инвентарен номер Систематично азбучна сигнатура Баркод Номер на екземпляра Цена в евро Служебна бележка Служебен тип на артикула
Изтеглен Не е изгубен Universal Decimal Classification Не е повреден без рестрикции заемане за дома 205412 Регионална библиотека "Любен Каравелов" Русе Регионална библиотека "Любен Каравелов" Русе Заемна - подръчен фонд 2012-07-05 Заемна - подръчен фонд 12.99 120000758842 П 820(73)-31/С 76 120000758842 1 6.64 Дост: DA Вид: А N: 14 Дата: 05.07.2012 Дата инв: 21.02.2018 Бележки инв: П2018 Книги
  Не е изгубен Universal Decimal Classification Не е повреден без рестрикции заемане за дома 205413 Регионална библиотека "Любен Каравелов" Русе Регионална библиотека "Любен Каравелов" Русе Заемна - подръчен фонд 2012-07-05 Заемна - подръчен фонд 12.99 120000758843 П 820(73)-31/С 76 120000758843 2 6.64 Дост: DA Вид: А N: 14 Дата: 05.07.2012 Дата инв: 10.03.2018 Бележки инв: П2018 Книги
  Не е изгубен   Не е повреден без рестрикции заемане за дома 205414 Регионална библиотека "Любен Каравелов" Русе Регионална библиотека "Любен Каравелов" Русе Заемна - подръчен фонд 2013-02-07 Заемна - подръчен фонд 12.99 120000763588 П 820(73)-31/С 76 120000763588 3 6.64 Дост: DA Вид: А N: 1 Дата: 07.02.2013 Дата инв: 13.02.2018 Бележки инв: П2018 Книги
  Не е изгубен   Не е повреден без рестрикции ползва се в читалня 205415 Регионална библиотека "Любен Каравелов" Русе Регионална библиотека "Любен Каравелов" Русе Хранилище 2013-07-18 Хранилище 12.99 120000768298 Цб 255702 120000768298 4 6.64 Дост: Dp Вид: Д N: 16 Дата: 17.04.2012 Книги
Vip Innovations Ltd, Rousse, Bulgaria 2025